[Event "Erbil zt 3.1 (Women)"]
[Site "Erbil"]
[Date "2025.04.15"]
[Round "9"]
[White "Davari, Sara"]
[Black "Al Fayyadh, Yamama Asif Abdula"]
[Result "1-0"]
[WhiteElo "2235"]
[BlackElo "1781"]
[PlyCount "75"]
[EventDate "2025.04.08"]
[EventType "swiss"]
[EventRounds "9"]
[EventCountry "IRQ"]
[SourceTitle "CB16_2025"]
[SourceDate "2025.04.16"]
[SourceVersion "1"]
[SourceVersionDate "2025.04.16"]
[SourceQuality "1"]

1. d4 d5 2. Nf3 Nf6 3. g3 e6 4. Bg2 Be7 5. 0-0 0-0 6. c4 b6 7. cxd5 exd5 8. Nc3 Bb7 9. Bf4 Ne4 10. Qc2 Na6 11. Rfd1 g5 12. Be3 f5 13. Qc1 Nxc3 14. bxc3 h6 15. Ne5 Qd6 16. h3 Rad8 17. f4 Qf6 18. c4 c6 19. cxd5 cxd5 20. a4 Rc8 21. Qd2 Bb4 22. Qa2 Nc7 23. Qb3 Qd6 24. fxg5 Ne6 25. Rac1 hxg5 26. Kh1 f4 27. gxf4 gxf4 28. Rg1 Rxc1 29. Bxc1 Ng7 30. Nd3 Ba5 31. Ba3 Qh6 32. Bxf8 Kxf8 33. Qa3+ Ke8 34. Nxf4 Qxf4 35. Rf1 Qxd4 36. Qf8+ Kd7 37. Rf7+ Kc6 38. Rf6+ 1-0

[Event "Erbil zt 3.1 (Women)"]
[Site "Erbil"]
[Date "2025.04.12"]
[Round "6"]
[White "Davari, Sara"]
[Black "Sara, Masood Abdullah"]
[Result "1-0"]
[WhiteElo "2235"]
[BlackElo "1871"]
[PlyCount "81"]
[EventDate "2025.04.08"]
[EventType "swiss"]
[EventRounds "9"]
[EventCountry "IRQ"]
[SourceTitle "CB16_2025"]
[SourceDate "2025.04.16"]
[SourceVersion "1"]
[SourceVersionDate "2025.04.16"]
[SourceQuality "1"]

1. d4 d5 2. Nf3 Nf6 3. g3 c5 4. Bg2 cxd4 5. 0-0 h6 6. b3 h5 7. c4 dxc3 8. Nxc3 Nc6 9. Bf4 e6 10. Nb5 g5 11. Bxg5 Bg7 12. e4 Qb6 13. Nd6+ Kf8 14. Be3 Qd8 15. Bc5 Kg8 16. Ng5 Nxe4 17. Ndxe4 dxe4 18. Qxd8+ Nxd8 19. Rad1 Nc6 20. Bxe4 Bf6 21. f4 Kg7 22. h4 Ne7 23. Bf3 Nf5 24. Ne4 Rb8 25. Kf2 b6 26. Nxf6 Kxf6 27. Ba3 Kg6 28. Bb2 f6 29. Rfe1 Rh7 30. Rd8 Rc7 31. Rc1 Rd7 32. Rxd7 Bxd7 33. Rc7 Rd8 34. Rxa7 Bb5 35. Bc3 Nxg3 36. Kxg3 Rd3 37. Rc7 e5 38. fxe5 f5 39. Kf4 Rd8 40. e6 Re8 41. a4 1-0

[Event "Erbil zt 3.1 (Women)"]
[Site "Erbil"]
[Date "2025.04.10"]
[Round "4"]
[White "Davari, Sara"]
[Black "Albarbari, Vin Kamal Jalal Adi"]
[Result "1/2-1/2"]
[WhiteElo "2235"]
[BlackElo "1805"]
[PlyCount "100"]
[EventDate "2025.04.08"]
[EventType "swiss"]
[EventRounds "9"]
[EventCountry "IRQ"]
[SourceTitle "CB16_2025"]
[SourceDate "2025.04.16"]
[SourceVersion "1"]
[SourceVersionDate "2025.04.16"]
[SourceQuality "1"]

1. d4 Nf6 2. Nf3 d5 3. g3 e6 4. Bg2 c6 5. 0-0 Bd6 6. c4 0-0 7. Nbd2 Nbd7 8. Qc2 Re8 9. Rd1 Qe7 10. e4 dxe4 11. Nxe4 Nxe4 12. Qxe4 Nf6 13. Qc2 Rb8 14. h3 c5 15. a3 cxd4 16. Nxd4 Bd7 17. Be3 a6 18. b4 e5 19. Nf5 Bxf5 20. Qxf5 e4 21. Bd4 Be5 22. Bxe5 Qxe5 23. Qxe5 Rxe5 24. Rd4 g6 25. Rad1 Rbe8 26. Rd8 Kg7 27. Rxe8 Rxe8 28. Kf1 Re7 29. Ke2 Ne8 30. Rd8 f5 31. h4 Nf6 32. Rd6 Ng4 33. c5 Ne5 34. Rd4 h6 35. Bh3 Kf6 36. Bf1 g5 37. hxg5+ hxg5 38. Kd1 Ng4 39. Ke1 f4 40. Rd6+ Kf7 41. Bc4+ Ke8 42. gxf4 gxf4 43. Rg6 Ne5 44. Rg8+ Kd7 45. Be2 Kc7 46. Kd2 Rd7+ 47. Kc3 f3 48. Bf1 Nd3 49. Bh3 Rd8 50. Rxd8 Kxd8 1/2-1/2

[Event "Abu Dhabi op-A 30th"]
[Site "Abu Dhabi"]
[Date "2024.08.22"]
[Round "7"]
[White "Stevanic, David"]
[Black "Davari, Sara"]
[Result "1/2-1/2"]
[WhiteElo "2312"]
[BlackElo "2226"]
[PlyCount "56"]
[EventDate "2024.08.15"]
[EventType "swiss"]
[EventRounds "9"]
[EventCountry "UAE"]
[SourceTitle "EXT 2025"]
[Source "ChessBase"]
[SourceDate "2024.10.14"]
[SourceVersion "1"]
[SourceVersionDate "2024.10.14"]
[SourceQuality "1"]

1. e4 e5 2. Nf3 Nf6 3. d4 Nxe4 4. Nxe5 d6 5. Nf3 d5 6. Bd3 Bd6 7. 0-0 0-0 8. c4 c6 9. Nc3 Nxc3 10. bxc3 dxc4 11. Bxc4 Nd7 12. Bd3 h6 13. h3 Re8 14. Nd2 Bc7 15. Re1 Rxe1+ 16. Qxe1 Nf6 17. Ba3 Be6 18. Nf3 Nd5 19. Ne5 Nf4 20. Bf1 Qg5 21. Kh1 Bd5 22. f3 Re8 23. c4 Be6 24. Bc1 Qf6 25. Bb2 Ng6 26. Qc3 c5 27. Nxg6 cxd4 28. Qxd4 Qxg6 1/2-1/2

[Event "Abu Dhabi op-A 30th"]
[Site "Abu Dhabi"]
[Date "2024.08.21"]
[Round "6"]
[White "Davari, Sara"]
[Black "Kiolbasa, Oliwia"]
[Result "1/2-1/2"]
[WhiteElo "2226"]
[BlackElo "2367"]
[PlyCount "174"]
[EventDate "2024.08.15"]
[EventType "swiss"]
[EventRounds "9"]
[EventCountry "UAE"]
[SourceTitle "EXT 2025"]
[Source "ChessBase"]
[SourceDate "2024.10.14"]
[SourceVersion "1"]
[SourceVersionDate "2024.10.14"]
[SourceQuality "1"]

1. d4 Nf6 2. Nf3 e6 3. g3 c5 4. Bg2 cxd4 5. Nxd4 d5 6. 0-0 e5 7. Nb3 Be6 8. Bg5 Nbd7 9. Nc3 Be7 10. e3 0-0 11. Bxf6 Nxf6 12. h3 Qc8 13. Kh2 Rd8 14. f4 Ne4 15. Nxe4 dxe4 16. Qc1 exf4 17. gxf4 Rd5 18. Nd4 Bd7 19. Ne2 Rh5 20. Ng1 Rh6 21. Qd2 Bf5 22. c3 Qe6 23. Qc2 Bc5 24. Rfe1 Re8 25. Qf2 Be7 26. Qf1 Qb6 27. Qe2 g5 28. fxg5 Bxg5 29. Rad1 Qc7+ 30. Kh1 Qe5 31. c4 Qg3 32. Rf1 Bg4 33. Qe1 Qxe3 34. Qxe3 Bxe3 35. Rde1 Bxg1 36. Rxg1 Kf8 37. Kh2 Bd7 38. Rxe4 Rxe4 39. Bxe4 Rxh3+ 40. Kg2 b6 41. Rd1 Be6 42. Bd5 Re3 43. Kf2 Re5 44. Bxe6 Rxe6 45. Rc1 Ke7 46. b4 h5 47. c5 Kd7 48. Kf3 Re5 49. Kf4 f6 50. cxb6 axb6 51. a3 Rg5 52. Rd1+ Ke6 53. Re1+ Re5 54. Rc1 Kd6 55. a4 Rg5 56. b5 Rc5 57. Rd1+ Ke6 58. Re1+ Kf7 59. Re4 Rg5 60. Kf3 f5 61. Rc4 Rg4 62. Rc6 Rxa4 63. Rxb6 Rb4 64. Kg3 Kg7 65. Kf3 h4 66. Rb8 Rb3+ 67. Kg2 f4 68. b6 f3+ 69. Kf2 h3 70. Rc8 Rb1 71. b7 h2 72. Rc1 Rxc1 73. b8Q h1Q 74. Qe5+ Kf7 75. Qf5+ Ke7 76. Qe5+ Kd7 77. Qd5+ Kc7 78. Qa5+ Kc6 79. Qa6+ Kd5 80. Qd3+ Kc5 81. Qa3+ Kc4 82. Qa4+ Kd3 83. Qd7+ Kc3 84. Qc6+ Kb2 85. Qb5+ Ka2 86. Qa4+ Kb2 87. Qb4+ Ka2 1/2-1/2

[Event "Abu Dhabi op-A 30th"]
[Site "Abu Dhabi"]
[Date "2024.08.19"]
[Round "4"]
[White "Phatak, Aanjaneya"]
[Black "Davari, Sara"]
[Result "1/2-1/2"]
[WhiteElo "2153"]
[BlackElo "2226"]
[PlyCount "78"]
[EventDate "2024.08.15"]
[EventType "swiss"]
[EventRounds "9"]
[EventCountry "UAE"]
[SourceTitle "EXT 2025"]
[Source "ChessBase"]
[SourceDate "2024.10.14"]
[SourceVersion "1"]
[SourceVersionDate "2024.10.14"]
[SourceQuality "1"]

1. e4 e5 2. Nf3 Nf6 3. d4 Nxe4 4. Bd3 d5 5. Nxe5 Nd7 6. Nc3 Nxe5 7. dxe5 Nxc3 8. bxc3 Bc5 9. 0-0 0-0 10. Rb1 c6 11. Qf3 Qh4 12. g3 Qe7 13. Re1 f6 14. e6 f5 15. Be3 Ba3 16. Rb3 Bxe6 17. Bg5 Qxg5 18. Rxe6 Bc5 19. Rxb7 Rf6 20. Rxf6 Qxf6 21. Qxf5 Qxf5 22. Bxf5 Re8 23. Kf1 Bb6 24. Bd7 Rf8 25. f4 Rf6 26. f5 h5 27. h3 Kh7 28. g4 hxg4 29. hxg4 Kh6 30. Kg2 Kg5 31. Kg3 g6 32. Be6 gxf5 33. gxf5 Rh6 34. Rg7+ Kf6 35. Rf7+ Kg5 36. Bc8 Bc5 37. Rd7 a5 38. a4 Bd6+ 39. Kf3 Be5 1/2-1/2

[Event "Eastern Asia-ch U12 Girls"]
[Site "Tornelo INT"]
[Date "2021.10.22"]
[Round "3"]
[White "Davari, Sara"]
[Black "Pournami, S."]
[Result "1-0"]
[WhiteElo "1455"]
[BlackElo "1155"]
[PlyCount "65"]
[EventDate "2021.10.22"]
[EventType "swiss"]
[EventRounds "9"]
[EventCountry "NET"]
[SourceTitle "EXT 2023"]
[Source "ChessBase"]
[SourceDate "2022.10.05"]
[SourceVersion "1"]
[SourceVersionDate "2022.10.05"]
[SourceQuality "1"]

1. e4 c5 2. Nf3 e6 3. d4 cxd4 4. Nxd4 Nc6 5. Nc3 Nf6 6. Nxc6 bxc6 7. Bd3 d5 8. exd5 exd5 9. 0-0 Be6 10. Bg5 Be7 11. Re1 0-0 12. h3 h6 13. Bh4 Re8 14. Qf3 Qd7 15. Ne2 Rab8 16. b3 Rb4 17. Bg3 Ne4 18. Bf4 Bf6 19. Rad1 Bf5 20. c4 Qc8 21. Bc1 Bh7 22. cxd5 cxd5 23. Nf4 Qc6 24. Nh5 Bc3 25. Rf1 Bg6 26. Nf4 Bh7 27. Bb1 f5 28. Nxd5 Rbb8 29. Nxc3 Qxc3 30. Bxe4 Qf6 31. Bd5+ Kh8 32. Rfe1 Red8 33. Bf4 1-0

[Event "IRI-ch U12 Girls"]
[Site "Chess.com INT"]
[Date "2021.01.16"]
[Round "5"]
[White "Davari, Sara"]
[Black "Alavi, Mahsa"]
[Result "0-1"]
[WhiteElo "1589"]
[BlackElo "1549"]
[PlyCount "148"]
[EventDate "2021.01.16"]
[EventType "swiss"]
[EventRounds "9"]
[EventCountry "IRI"]
[SourceTitle "EXT 2022"]
[Source "ChessBase"]
[SourceDate "2021.10.06"]
[SourceVersion "1"]
[SourceVersionDate "2021.10.06"]
[SourceQuality "1"]

1. e4 e5 2. Nf3 Nc6 3. Bc4 Bc5 4. c3 Nf6 5. d3 d6 6. Nbd2 0-0 7. h3 h6 8. Nf1 a6 9. Bb3 Be6 10. Ng3 d5 11. Qe2 Re8 12. 0-0 Qd7 13. Kh2 Rad8 14. Nh4 dxe4 15. dxe4 Bxb3 16. axb3 Qd3 17. Qxd3 Rxd3 18. Nhf5 Red8 19. Be3 Bf8 20. Rfe1 Kh7 21. Kg1 g6 22. Nh4 a5 23. Kf1 b6 24. Ke2 R3d7 25. Rad1 Nb8 26. Nf3 Rxd1 27. Rxd1 Rxd1 28. Kxd1 Nfd7 29. Kc2 Na6 30. Nd2 Bc5 31. Nc4 h5 32. Ne2 Bxe3 33. Nxe3 c6 34. Nc4 Kg7 35. f3 f6 36. Nc1 Kf7 37. Nd3 Ke6 38. b4 axb4 39. cxb4 f5 40. exf5+ gxf5 41. Kc3 Nc7 42. Kd2 h4 43. Ne3 Nd5 44. Nxd5 cxd5 45. Ke3 d4+ 46. Ke2 Kd5 47. b3 Nf6 48. Kd2 Nh5 49. Ke2 e4 50. fxe4+ fxe4 51. Nb2 Nf4+ 52. Kf2 b5 53. g3 hxg3+ 54. Kxg3 Ne2+ 55. Kf2 Nc1 56. h4 e3+ 57. Ke1 d3 58. h5 Ke5 59. h6 Kf6 60. Nxd3 Nxd3+ 61. Ke2 Nxb4 62. Kxe3 Nc6 63. Ke4 Na5 64. b4 Nc4 65. Kd4 Kg6 66. Kc5 Na3 67. Kd4 Kxh6 68. Kc3 Kg5 69. Kb3 Nc4 70. Kc3 Kf5 71. Kd4 Kf4 72. Kc5 Na3 73. Kb6 Ke4 74. Kc5 Kd3 0-1

[Event "IRI-ch U12 Girls"]
[Site "Chess.com INT"]
[Date "2021.01.16"]
[Round "9"]
[White "Imani, Adrina"]
[Black "Davari, Sara"]
[Result "0-1"]
[WhiteElo "1517"]
[BlackElo "1589"]
[PlyCount "134"]
[EventDate "2021.01.16"]
[EventType "swiss"]
[EventRounds "9"]
[EventCountry "IRI"]
[SourceTitle "EXT 2022"]
[Source "ChessBase"]
[SourceDate "2021.10.06"]
[SourceVersion "1"]
[SourceVersionDate "2021.10.06"]
[SourceQuality "1"]

1. e4 e6 2. d4 d5 3. Nd2 Be7 4. Ngf3 Nf6 5. e5 Nfd7 6. Bd3 c5 7. c3 Nc6 8. 0-0 Qb6 9. Re1 0-0 10. dxc5 Bxc5 11. Re2 f6 12. exf6 Nxf6 13. Nb3 Bxf2+ 14. Rxf2 Ng4 15. Qe2 Qxf2+ 16. Qxf2 Nxf2 17. Kxf2 e5 18. Be2 e4 19. h3 exf3 20. Bxf3 Ne5 21. Nd4 Nxf3 22. Nxf3 Bf5 23. Be3 Be4 24. Rd1 a6 25. Bc5 Rf5 26. Kg3 Bxf3 27. gxf3 Re8 28. h4 Re2 29. Kg4 g6 30. Bd4 Kf7 31. b4 Ke8 32. Bc5 Kf7 33. a4 h5+ 34. Kg3 Ke6 35. a5 g5 36. hxg5 Rxg5+ 37. Kh4 Rf5 38. Kg3 Kf6 39. Bd4+ Kg5 40. Rg1 h4+ 41. Kh3+ Kh5 42. Rf1 Rg5 43. Bf2 Rf5 44. Bd4 Rd2 45. f4 Rd3+ 46. Kh2 Kg4 47. Be5 Rd2+ 48. Kh1 h3 49. Bd6 Kg3 50. Rg1+ Rg2 51. Rd1 Rf2 52. Re1 h2 53. Re3+ Rf3 54. Rxf3+ Kxf3 55. Kxh2 Rxf4 56. Bxf4 Kxf4 57. Kg2 Ke3 58. Kg3 Kd3 59. Kf3 Kxc3 60. Ke3 d4+ 61. Ke2 Kc2 62. Ke1 d3 63. Kf2 d2 64. Kg3 d1Q 65. Kh4 Qd4+ 66. Kh5 Qxb4 67. Kh6 Qxa5 0-1

[Event "IRI-ch U12 Girls"]
[Site "Chess.com INT"]
[Date "2021.01.16"]
[Round "2"]
[White "Rabipour, Zahra"]
[Black "Davari, Sara"]
[Result "0-1"]
[WhiteElo "1122"]
[BlackElo "1589"]
[PlyCount "62"]
[EventDate "2021.01.16"]
[EventType "swiss"]
[EventRounds "9"]
[EventCountry "IRI"]
[SourceTitle "EXT 2022"]
[Source "ChessBase"]
[SourceDate "2021.10.06"]
[SourceVersion "1"]
[SourceVersionDate "2021.10.06"]
[SourceQuality "1"]

1. e4 e6 2. d4 d5 3. exd5 exd5 4. Nf3 Bd6 5. Bd3 Nf6 6. c3 0-0 7. Bg5 Bg4 8. 0-0 Nbd7 9. Nbd2 c6 10. Re1 Qc7 11. h3 Bh5 12. Qc2 Bg6 13. Bxg6 hxg6 14. c4 Bf4 15. Bxf4 Qxf4 16. cxd5 cxd5 17. Rac1 g5 18. Qc7 b6 19. Qxf4 gxf4 20. Ne5 Rac8 21. Nxd7 Nxd7 22. Rxc8 Rxc8 23. Re7 Rd8 24. Nf3 Kf8 25. Re2 Rc8 26. Ng5 Nf6 27. f3 Rc4 28. Rd2 Nh5 29. Kf2 Ng3 30. h4 Rc1 31. Nh3 Rf1# 0-1